000 00482nam a2200169 i 4500
001 102742
003 ES-MaACL
005 20230906183153.0
007 t|
008 051201s1940 pr ||||1| spa d
080 _a821.134.2(729.5)-14"19"
100 1 _aCorretjer, Juan Antonio.
_940783
245 1 0 _aPausa para el amor /
_cJuan Antonio Corretjer.
260 _aGuaynabo, Puerto Rico :
_b[s.n.,
_c1940]
300 _a39 p. ;
_c17 cm.
852 _aES-MaACL
_j2188-F-18
_bR.136912
999 _c102742
_d102742